Normal view
MARC view
- Muralistas
Entry Materia
001 - NÚMERO DE CONTROL DEL REGISTRO
- campo de control: 24209
003 - IDENTIFICADOR DE NUMERO DE CONTROL
- campo de control: UPN
005 - FECHA Y HORA DE LA ÚLTIMA TRANSACCIÓN
- campo de control: 20240307114036.0
008 - DATOS DE LONGITUD FIJA
- campo de control de longitud fija: 240307n||acannaabn | a|a |d
035 ## - NÚMERO DE CONTROL DEL SISTEMA
- Número de control del sistema: UPN10000024218
040 ## - FUENTE DE LA CATALOGACIÓN
- Lengua de catalogación: spa
- Agencia de transcripción: Mx-MxUPN
- Centro catalogador de origen: MX-MxUPN
150 ## - ENCABEZAMIENTO - TEMÁTICO
- Término de materia o nombre geográfico como elemento inicial: Muralistas
- Subdivisión geográfica: México
670 ## - FUENTE EN LA QUE SE LOCALIZARON DATOS
- Cita de la fuente: LC
- Información localizada: Muralists--Mexico
902 ## - CATALOGADOR
- Catalogador: EMR/281015
